000 00462cam a2200169 i 4500
020 _a0198545363 :
040 _cDLC
082 0 0 _a631 OXF 1980 A090 Or.
100 1 _aMayo, Oliver.
245 1 4 _aThe theory of plant breeding /
260 _aOxford :
_bClarendon Press ;
_aNew York :
_bOxford University Press,
_c1980.
300 _axiii, 293 p. :
_bill. ;
_c24 cm.
500 _aIncludes indexes.
650 0 _aPlant breeding.
650 0 _aCrops
942 _cEK
999 _c16023
_d16023